Piłkarska kariera Franka Rijkaarda. - Statystyki

Ogólne statystyki
  • Ten quiz został rozwiązany 49 razy
  • Średni wynik to 3 z 5
Statystyki odpowiedzi
Lata Drużyna % Poprawnych
1980-1988 Ajax
90%
1993-1995 Ajax
90%
1988-1993 Milan
85%
1988-1988 Sporting
10%
1988-1988 Real Zaragoza
5%
Nie znaleziono quizów pasujących do podanych kryteriów
Rozkład punktacji
Procent ludzi z każdym wynikiem
Percentyl według liczby udzielonych odpowiedzi
Twoja historia wyników
Nie rozwiązałeś tego quizu